Top Five Countries producing Meat - Statistics

General Stats
  • This quiz has been taken 124 times
  • The average score is 24 of 35
Answer Stats
Answer % Correct
United States
99%
China
97%
United Kingdom
96%
Brazil
93%
Australia
92%
India
91%
Germany
90%
Russia
90%
Argentina
89%
Egypt
89%
Egypt
89%
France
87%
Mexico
85%
Spain
79%
New Zealand
78%
Saudi Arabia
77%
Italy
74%
Pakistan
74%
Vietnam
70%
Algeria
68%
Mongolia
65%
Nigeria
65%
Kazakhstan
64%
Poland
62%
South Korea
60%
Sudan
59%
Bangladesh
52%
Kenya
46%
Somalia
41%
United Arab Emirates
41%
Myanmar
36%
Taiwan
33%
Nepal
30%
North Korea
19%
Madagascar
10%
No matching quizzes found
Score Distribution
Percent of People with Each Score
Percentile by Number Answered
Your Score History
You have not taken this quiz